Music Quiz

Random Music or Song Quiz

Name the Artist Quiz Stats

 Plays Quiz not verified by Sporcle

Score 0/20 Timer 05:00
0 Plays Today
Lyrics Artist % Correct
I used to rule the world, Seas would rise when I gave the wordColdplay
63.8%
What's Wrong with the World Mama, People livin Like they aint got no mamasBlack Eyed Peas
57.3%
You've got a smile that can light up this whole town, I haven't seen it in a while since she brought you downTaylor Swift
50.4%
And truth be told I miss you, And truth be told I'm lyingAll American Rejects
49.2%
Baby don't worry, you are my only, you won't be lonelyJay Sean
48.5%
Nobody wanna see us together but it don't matter no, 'Cause I got you babeAkon
48.1%
Pass out at 3, wake up at 10, go out to eat then do it againAsher Roth
41.5%
Tougher than Nigerian hair, My criteria compared to your career just isn't fairLil' Wayne
31.9%
We drinkin' Santana Champ cuz it's so crispThe Lonely Island
28.8%
Do you know what's worth fighting for? When it's not worth dying for?Green Day
25.8%
Lyrics Artist % Correct
Love you forever, forever is over, We used to kiss all night, now it's just a bar fightBoys Like Girls
23.8%
Tell me how they got that pretty little face on that pretty little frame girlJustin Timberlake
21.5%
That girl is a gun to my holster and she's running through my mind all dayIyaz
17.3%
Just Imagine how my girl feel, on the plane scared as hell that her guy look like Emmitt TillKanye West
16.5%
See it started at the park, Used to chill after darkSean Kingston
15.8%
Don't call your mother, cuz now we're partners in crime, Don't be a babyKaty Perry
15%
How dare you say that my behavior's unacceptable?Maroon 5
13.5%
I was so wrong for so long, only trying to please myselfJason Derulo
11.2%
They Callin Me Cocky, I come up out the jeweler they callin' me Rocky50 Cent
5.8%
We can get crunk, How bout you? Bottoms up, Lets go out soonLMFAO
3.5%

You're not logged in!

Compare scores with friends on all Sporcle quizzes.
OR
Log In

You Might Also Like...

Show Comments

Extras

Top Quizzes Today


Score Distribution

Your Account Isn't Verified!

In order to create a playlist on Sporcle, you need to verify the email address you used during registration. Go to your Sporcle Settings to finish the process.

Report this User

Report this user for behavior that violates our Community Guidelines.

Details: